[Event "AUT-ch U08 Online Rapid"]
[Site "Playchess.com INT"]
[Date "2020.12.13"]
[Round "2"]
[White "Kaljikovic, Armin"]
[Black "Reisenhofer, Jonathan"]
[Result "0-1"]
[WhiteElo "1528"]
[BlackElo "1852"]
[PlyCount "62"]
[EventDate "2020.12.13"]
[EventType "swiss (rapid)"]
[EventRounds "7"]
[EventCountry "AUT"]
[SourceTitle "EXT 2022"]
[Source "ChessBase"]
[SourceDate "2021.10.06"]
[SourceVersion "1"]
[SourceVersionDate "2021.10.06"]
[SourceQuality "1"]

1. e4 e5 2. Nf3 Nc6 3. Bc4 Nf6 4. Nc3 Bc5 5. Ng5 0-0 6. Qf3 h6 7. Nh3 Nd4 8. Qg3 Nxc2+ 9. Kd1 Nxa1 10. d3 Nh5 11. Qxe5 Qh4 12. g3 Qxh3 13. Qxc5 Qg4+ 14. Kd2 Qg5+ 15. Ke2 Qxc5 16. g4 Nf4+ 17. Kf3 Nc2 18. Na4 Qg5 19. Bxf4 Qf6 20. Bb3 Nd4+ 21. Ke3 Nxb3 22. axb3 Re8 23. Bxc7 d5 24. e5 Qg5+ 25. Kd4 Qxg4+ 26. Kxd5 Be6+ 27. Kc5 b6+ 28. Kc6 Qf3+ 29. Kd6 Qxh1 30. Nc3 a5 31. Nb5 Qd5# 0-1

[Event "AUT-chT District U18 Online Rapid"]
[Site "Playchess.com INT"]
[Date "2020.12.12"]
[Round "3"]
[White "Reisenhofer, Jonathan"]
[Black "Schirnik, Luis"]
[Result "1-0"]
[WhiteElo "1729"]
[BlackElo "1620"]
[PlyCount "31"]
[EventDate "2020.12.12"]
[EventType "team-swiss (rapid)"]
[EventRounds "9"]
[EventCountry "AUT"]
[SourceTitle "EXT 2022"]
[Source "ChessBase"]
[SourceDate "2021.10.06"]
[SourceVersion "1"]
[SourceVersionDate "2021.10.06"]
[SourceQuality "1"]

1. e4 e5 2. Nf3 Nc6 3. Bc4 Nf6 4. c3 Bc5 5. d4 d5 6. exd5 Nxd5 7. dxc5 Nf4 8. Qxd8+ Kxd8 9. Bxf4 exf4 10. Bxf7 Ke7 11. Bd5 Na5 12. 0-0 Be6 13. Re1 Kd7 14. Bxe6+ Kc6 15. b4 Nc4 16. Nd4# 1-0

[Event "AUT-ch U08 Online Blitz"]
[Site "Playchess.com INT"]
[Date "2020.12.11"]
[Round "2"]
[White "Seikmann, Jim"]
[Black "Reisenhofer, Jonathan"]
[Result "1-0"]
[WhiteElo "1705"]
[BlackElo "1620"]
[PlyCount "51"]
[EventDate "2020.12.11"]
[EventType "swiss (blitz)"]
[EventRounds "7"]
[EventCountry "AUT"]
[SourceTitle "EXT 2022"]
[Source "ChessBase"]
[SourceDate "2021.10.06"]
[SourceVersion "1"]
[SourceVersionDate "2021.10.06"]
[SourceQuality "1"]

1. e4 e5 2. Nf3 Nc6 3. d4 exd4 4. Bc4 h6 5. 0-0 Nf6 6. e5 Ne4 7. Re1 d5 8. Bb5 Bd7 9. Bxc6 Bxc6 10. Nxd4 Bc5 11. Be3 Bxd4 12. Bxd4 0-0 13. Nd2 Nxd2 14. Qxd2 Bb5 15. a4 Ba6 16. b4 b5 17. axb5 Bxb5 18. Bxa7 Re8 19. Bd4 Rxa1 20. Rxa1 Qh4 21. Re1 Qe7 22. Re3 Qg5 23. h3 f6 24. exf6 Rxe3 25. Qxe3 Qxf6 26. Bxf6 1-0